Statistiques concernant Brésil ou pas Brésil ?

Cliquez ici pour prendre le quiz!

Statistiques générales

  • Ce quiz a été pris 42 fois
  • Le résultat moyen est 18 sur 25

Statistiques - réponses

QuestionTuileSelect% Correct
Brésil ou pas Brésil ?Non
100%
Brésil ou pas Brésil ?Non
97%
Brésil ou pas Brésil ?Non
97%
Brésil ou pas Brésil ?Non
97%
Brésil ou pas Brésil ?Non
97%
Brésil ou pas Brésil ?Non
94%
Brésil ou pas Brésil ?Oui
88%
Brésil ou pas Brésil ?Non
88%
Brésil ou pas Brésil ?Non
88%
Brésil ou pas Brésil ?Oui
85%
Brésil ou pas Brésil ?Non
79%
Brésil ou pas Brésil ?Non
79%
Brésil ou pas Brésil ?Oui
76%
Brésil ou pas Brésil ?Oui
74%
Brésil ou pas Brésil ?Oui
71%
Brésil ou pas Brésil ?Non
68%
Brésil ou pas Brésil ?Non
62%
Brésil ou pas Brésil ?Oui
62%
Brésil ou pas Brésil ?Oui
59%
Brésil ou pas Brésil ?Non
56%
Brésil ou pas Brésil ?Oui
53%
Brésil ou pas Brésil ?Oui
50%
Brésil ou pas Brésil ?Oui
41%
Brésil ou pas Brésil ?Oui
29%
Brésil ou pas Brésil ?Oui
21%

Distribution des résultats

Percentile par nombre de réponses

% des personnes avec chaque résultat

Votre développement - résultats

Vous n’avez pas pris ce quiz